Chippendale, Sheraton and Hepplewhite (Record no. 5311)

MARC details
000 -CABECERA
campo de control de longitud fija 00719nam a2200253 a 4500
001 - NÚMERO DE CONTROL
campo de control BRCA_5617
005 - FECHA Y HORA DE LA ÚLTIMA TRANSACCIÓN
campo de control 20190320205144.0
008 - DATOS DE LONGITUD FIJA--INFORMACIÓN GENERAL
campo de control de longitud fija 210211t1900----enka######---#001-0#eng-#
041 ## - CÓDIGO DE LENGUA
Código de lengua del texto/banda sonora o título independiente eng
044 ## - CÓDIGO DEL PAÍS DE LA ENTIDAD EDITORA/PRODUCTORA
Código MARC del país enk
050 #4 - SIGNATURA TOPOGRÁFICA DE LA BIBLIOTECA DEL CONGRESO
Número de clasificación NK2229
Número de documento/Ítem .B45 1900
100 1# - ENTRADA PRINCIPAL--NOMBRE DE PERSONA
Nombre de persona Bell, M.
9 (RLIN) 14316
245 10 - MENCIÓN DE TÍTULO
Título Chippendale, Sheraton and Hepplewhite
Resto del título Furniture Designs
Mención de responsabilidad, etc. by M. Bell.
260 ## - PUBLICACIÓN, DISTRIBUCIÓN, ETC.
Lugar de publicación, distribución, etc. Londres
Nombre del editor, distribuidor, etc. Gibbings
Fecha de publicación, distribución, etc. 1900
300 ## - DESCRIPCIÓN FÍSICA
Extensión 259 p.
Otras características físicas il.
Dimensiones 31 cm.
500 ## - NOTA GENERAL
Nota general Incluye índice temático
500 ## - NOTA GENERAL
Nota general Estado físico: Lomo desprendido
500 ## - NOTA GENERAL
Nota general F95
650 14 - PUNTO DE ACCESO ADICIONAL DE MATERIA--TÉRMINO DE MATERIA
Término de materia o nombre geográfico como elemento de entrada Muebles
Subdivisión general Diseño
Subdivisión geográfica Londres
9 (RLIN) 14317
650 14 - PUNTO DE ACCESO ADICIONAL DE MATERIA--TÉRMINO DE MATERIA
Término de materia o nombre geográfico como elemento de entrada Decoración y ornamentación
9 (RLIN) 3592
650 14 - PUNTO DE ACCESO ADICIONAL DE MATERIA--TÉRMINO DE MATERIA
Término de materia o nombre geográfico como elemento de entrada Artes decorativas
9 (RLIN) 1921
902 ## - CATALOGADOR
Iniciales GFM
942 ## - ELEMENTOS DE PUNTO DE ACCESO ADICIONAL (KOHA)
Fuente del sistema de clasificación o colocación Library of Congress Classification
Tipo de ítem Koha Libros
Holdings
Estado de retiro Estado de pérdida Estado dañado No para préstamo Localización permanente Ubicación/localización actual Fecha de adquisición Número de inventario Total de préstamos Signatura topográfica completa Código de barras Fecha visto por última vez Precio válido a partir de Tipo de ítem Koha
El ejemplar forma parte de la colección y puede ser consultado según las políticas vigentes.       Biblioteca del Museo Franz Mayer (Rogerio Casas-Alatriste) Biblioteca del Museo Franz Mayer (Rogerio Casas-Alatriste) 15/02/2011 F95   NK2229 .B45 1900 (F95) 6053 22/03/2019 22/03/2019 Libros